000 00500cam a22001932 4500
001 0000001012
005 20170406113046.0
008 131122s xx 000 0 eng d
020 _c$
040 _aYour Holding Symbol
_cYour Holding Symbol
100 1 _aNewman,H.J.
245 1 4 _aThe personal conquest of truth.
250 _a ed.
260 _anauwelaerts :
_bLouvain,
_c1955.
300 _a327 p. ;
_c cm.
504 _aindex.
650 0 _atheology.
908 _a131122
999 _c931
_d931